000 00674nam a22002177a 4500
001 114231
003 DR-UNIBE
005 20251128094953.0
008 251124b2010 dr ||||| |||| 00| 0 spa d
040 _aBIBLIOTECA UNIBE
_cBIBLIOTECA UNIBE
_erda
041 _aspa
082 _aRD 340 C733p
110 2 _aComisión Nacional de Género Rama Judicial
_9200994
245 1 0 _aPara una justicia sin violencia ni discrimanición
260 _aSanto Domingo :
_bComisión para la Igualdad de Género del Poder Judicial,
_c2010
300 _a86 páginas
650 7 _2lemb
_aJusticia
650 7 _2lemb
_aViolencia
650 7 _2lemb
_a Discriminación
942 _2ddc
_cBK
999 _c114231
_d114231